Skocznie narciarskie znajdujące się na terenie Niemiec - Statystyki

Ogólne statystyki
  • Ten quiz został rozwiązany 54 razy
  • Średni wynik to 6 z 20
Statystyki odpowiedzi
% Poprawnych
Willingen
92%
Garmisch-Partenkirchen
90%
Oberstdorf
78%
Klingenthal
76%
Titisee-Neustadt
69%
Oberhof
49%
Hinterzarten
25%
Oberwiesenthal
18%
Brotterode
16%
Ruhpolding
14%
Schonach
8%
Winterberg
8%
Baiersbronn
4%
Braunlage
4%
Lauscha
4%
Meinerzhagen
2%
Pohla
2%
Rastbuchl / Breitenberg
2%
Reit im Winkl
2%
Schonwald
2%
Nie znaleziono quizów pasujących do podanych kryteriów
Rozkład punktacji
Procent ludzi z każdym wynikiem
Percentyl według liczby udzielonych odpowiedzi
Twoja historia wyników
Nie rozwiązałeś tego quizu